[Event "I Festival San Giovanni A"]
[Site "Torino ITA"]
[Date "2014.06.24"]
[Round "6"]
[White "Briata, Federico"]
[Black "Giacometto, Mario"]
[WhiteElo "1966"]
[BlackElo "1949"]
[Result "1-0"]
[PlyCount "79"]
[EventDate "2014.06.20"]

1. e4 Nf6 2. e5 Nd5 3. d4 d6 4. Nf3 dxe5 5. Nxe5 c6 6. c4 Nb4 7. Nd3 e5 8. dxe5
Bf5 9. Nxb4 Qxd1+ 10. Kxd1 Bxb4 11. Bd2 Bc5 12. Be2 O-O 13. Nc3 Na6 14. g4 Be6
15. Ne4 Rad8 16. Nxc5 Nxc5 17. Kc2 Nd7 18. f4 f5 19. g5 Nb6 20. b3 Rd4 21. Rad1
Rfd8 22. Be3 Rxd1 23. Rxd1 Rxd1 24. Bxd1 Nc8 25. Bf3 Kf7 26. Kc3 Ke7 27. b4 Nb6
28. Bxb6 axb6 29. b5 cxb5 30. Bxb7 Bxc4 31. a3 Kd7 32. Kb4 Kc7 33. Ba6 Kc6 34.
a4 Kd5 35. Bxb5 Ba2 36. Bd3 g6 37. Kb5 Kd4 38. Bf1 Ke4 39. Bc4 Kxf4 40. e6 1-0

[Event "I Festival San Giovanni A"]
[Site "Torino ITA"]
[Date "2014.06.24"]
[Round "6"]
[White "Yao, Stefano"]
[Black "Sorcinelli, Francesco"]
[WhiteElo "2152"]
[BlackElo "2168"]
[Result "1/2-1/2"]
[PlyCount "92"]
[EventDate "2014.06.20"]

1. Nf3 g6 2. d4 Bg7 3. c4 d6 4. g3 f5 5. Bg2 Nf6 6. O-O O-O 7. Nc3 Qe8 8. d5
Na6 9. Nd4 Bd7 10. Rb1 c6 11. dxc6 bxc6 12. b4 Rb8 13. a3 Nc7 14. Bb2 Ng4 15.
e4 Ne5 16. exf5 gxf5 17. c5 d5 18. Bc1 Nc4 19. f4 e5 20. fxe5 Qxe5 21. Nce2 Ne3
22. Bxe3 Qxe3+ 23. Kh1 Qxa3 24. Rb3 Qa6 25. Qb1 Rbe8 26. Bf3 Nb5 27. Nxb5 Qxb5
28. Ra3 Rxe2 29. Bxe2 Qxe2 30. Re1 Qh5 31. Re7 Rf7 32. Rxf7 Kxf7 33. Qe1 Qg4
34. b5 cxb5 35. c6 Bxc6 36. Rxa7+ Kg6 37. Qe6+ Kh5 38. Qf7+ Kh6 39. Qe6+ Kh5
40. Qf7+ Kh6 41. Qe6+ Qg6 42. Qe3+ Kh5 43. Qe2+ Kh6 44. Qe3+ Kh5 45. Qe2+ Kh6
46. Qe3+ Kh5 1/2-1/2

[Event "I Festival San Giovanni B"]
[Site "Torino ITA"]
[Date "2014.06.22"]
[Round "3"]
[White "Risso, Alessandro"]
[Black "Agostinetto, Alessandro"]
[WhiteElo "1681"]
[BlackElo "1620"]
[Result "1-0"]
[PlyCount "113"]
[EventDate "2014.06.20"]

1. e4 e5 2. Nf3 Nc6 3. d4 exd4 4. Bc4 Bb4+ 5. c3 dxc3 6. O-O d6 7. Qb3 Qe7 8.
Nxc3 Bxc3 9. Qxc3 Nf6 10. Bg5 Ne5 11. Rfe1 Nxf3+ 12. Qxf3 Qe5 13. Bf4 Qxb2 14.
e5 O-O 15. exf6 Qxf6 16. Qg3 Be6 17. Rac1 Rfe8 18. Bxe6 Rxe6 19. Rxe6 Qxe6 20.
Qc3 c6 21. Re1 Qxa2 22. Bxd6 Qd5 23. Ba3 b5 24. Qe3 h6 25. h3 a5 26. Rc1 b4 27.
Bb2 Ra6 28. Qg3 Qg5 29. Qd3 Rb6 30. Qd4 Ra6 31. h4 Qg6 32. Qd8+ Kh7 33. Qc8 Qd3
34. Qf8 f6 35. Bxf6 gxf6 36. Qf7+ Kh8 37. Qf8+ Kh7 38. Qf7+ Kh8 39. Qxf6+ Kh7
40. Qf7+ Kh8 41. Qf8+ Kh7 42. Qf7+ Kh8 43. Re1 Ra8 44. Re7 Qd1+ 45. Kh2 Qd6+
46. g3 Qxe7 47. Qxe7 Kg8 48. Qe6+ Kg7 49. Qxc6 Rf8 50. f4 Rf5 51. g4 Rxf4 52.
Qc7+ Rf7 53. Qxa5 b3 54. Qc3+ Kg6 55. Qxb3 Rf4 56. Kg3 Rf6 57. Qg8# 1-0

[Event "I Festival San Giovanni B"]
[Site "Torino ITA"]
[Date "2014.06.23"]
[Round "5"]
[White "Gallo, Ivan"]
[Black "Barbato, Mario"]
[WhiteElo "1757"]
[BlackElo "1783"]
[Result "0-1"]
[PlyCount "102"]
[EventDate "2014.06.20"]

1. e4 c5 2. Nf3 d6 3. c3 Nf6 4. Be2 Nbd7 5. d3 g6 6. O-O Bg7 7. Re1 O-O 8. Bf1
Re8 9. Bg5 h6 10. Bh4 b6 11. d4 cxd4 12. cxd4 e5 13. dxe5 dxe5 14. Bb5 Re7 15.
Nc3 g5 16. Bg3 Bb7 17. Qc2 Qc7 18. Rac1 Rc8 19. Qd2 Qb8 20. Nd5 Nxd5 21. exd5
Rxc1 22. Rxc1 Qd6 23. Bc6 Nc5 24. Bxb7 Rxb7 25. b4 Ne4 26. Qd3 f5 27. Rc6 Qe7
28. Re6 Qxb4 29. Bxe5 Nc5 30. Qxf5 Nxe6 31. Qxe6+ Rf7 32. h3 Qe7 33. Qc8+ Rf8
34. Qc3 Rxf3 35. Qxf3 Qxe5 36. g4 Bf8 37. Qd3 Kg7 38. Qa6 Qc7 39. Qd3 Bc5 40.
Qc3+ Kg8 41. Qd3 Qf7 42. Qd2 Qf4 43. Qe2 Qg3+ 44. Kf1 Qxh3+ 45. Kg1 Bxf2+ 46.
Kxf2 Qh2+ 47. Kf3 Qxe2+ 48. Kxe2 Kf7 49. Kd3 Ke7 50. a4 a6 51. Kc4 Kd6 0-1

[Event "XLI Olimpiadi (ICCD)"]
[Site "Tromso NOR"]
[Date "2014.08.02"]
[Round "1.1"]
[White "Manuel, Enofre Efren D."]
[Black "Collutiis, Duilio"]
[WhiteElo "1950"]
[BlackElo "2463"]
[Result "0-1"]
[Annotator "ICCD-GUM"]
[PlyCount "66"]
[EventDate "2014.08.02"]

1. e4 c5 2. Nf3 Nc6 3. d4 cxd4 4. Nxd4 Qc7 5. Nc3 e6 6. Be2 a6 7. Be3 b5 8. O-O
Bb7 9. a3 Rc8 10. Qd2 Nf6 11. f4 h5 12. Kh1 Na5 13. e5 Ng4 14. Bg1 Nc4 15. Bxc4
Qxc4 16. Rad1 Qc7 17. Nf3 Be7 18. Qd4 Nh6 19. Rd2 Nf5 20. Qf2 h4 21. Ne2 h3 22.
g3 g5 23. fxg5 Bxg5 24. Ned4 Be3 25. Qxe3 Nxe3 26. Bxe3 Qxe5 27. Bf4 Qh5 28.
Kg1 f6 29. Bd6 Rg8 30. Rd3 Be4 31. Re3 Qd5 32. Bb4 Bxf3 33. Nxf3 Rxc2 0-1

[Event "XLI Olimpiadi (ICCD)"]
[Site "Tromso NOR"]
[Date "2014.08.03"]
[Round "2.2"]
[White "Collutiis, Duilio"]
[Black "Blagojevic, Dragisa"]
[WhiteElo "2463"]
[BlackElo "2505"]
[Result "1-0"]
[Annotator "ICCD-MNE"]
[PlyCount "103"]
[EventDate "2014.08.02"]

1. e4 e5 2. Nf3 Nc6 3. Bc4 Bc5 4. c3 Nf6 5. d3 O-O 6. Nbd2 a6 7. Bb3 d5 8. exd5
Nxd5 9. Ne4 Ba7 10. O-O Bg4 11. h3 Bh5 12. Ng3 Bg6 13. Re1 Qd6 14. Nh4 Rad8 15.
Nxg6 Qxg6 16. Qf3 Nde7 17. Bc2 f5 18. Nf1 e4 19. Qf4 Nd5 20. Qg3 Qxg3 21. Nxg3
exd3 22. Bxd3 f4 23. Ne4 h6 24. Bc2 Ne5 25. Bd2 Nc4 26. Bb3 Nxb2 27. Bc1 Nd3
28. Rd1 Nxc1 29. Bxd5+ Rxd5 30. Rxd5 Ne2+ 31. Kf1 f3 32. Rd3 fxg2+ 33. Kxe2 Rf4
34. Re3 Bxe3 35. Kxe3 Rh4 36. Kf3 Rxh3+ 37. Kxg2 Rd3 38. Rb1 b6 39. Kf1 Kf7 40.
Ke2 Rd5 41. Ke3 Ra5 42. Rd1 Ke6 43. Rd2 g5 44. Rd8 Rxa2 45. Rh8 Ra1 46. Rxh6+
Kf5 47. Ng3+ Kg4 48. Rc6 Re1+ 49. Ne2 Kh3 50. Rxc7 Kg2 51. Rh7 a5 52. Rh5 1-0

[Event "XLI Olimpiadi (ICCD)"]
[Site "Tromso NOR"]
[Date "2014.08.04"]
[Round "3.2"]
[White "Cubas, Jose' Fernando"]
[Black "Collutiis, Duilio"]
[WhiteElo "2455"]
[BlackElo "2463"]
[Result "0-1"]
[Annotator "ICCD-PAR"]
[PlyCount "136"]
[EventDate "2014.08.02"]

1. e4 c5 2. Nf3 Nc6 3. d4 cxd4 4. Nxd4 Qc7 5. Nc3 e6 6. Be3 a6 7. Bd3 Nf6 8.
Qe2 Be7 9. O-O-O b5 10. g4 Ne5 11. f3 d6 12. Kb1 O-O 13. g5 Nfd7 14. Rdg1 Nc5
15. h4 Bb7 16. h5 b4 17. Nd1 d5 18. g6 dxe4 19. gxh7+ Kh8 20. Bxe4 Nxe4 21.
fxe4 Bf6 22. Bg5 Qe7 23. Bxf6 Qxf6 24. Rf1 Qd8 25. Nf3 Nxf3 26. Rxf3 f5 27. Rg1
Bxe4 28. Rfg3 Rc8 29. h6 g5 30. Rxg5 Kxh7 31. Rg7+ Kh8 32. h7 Bxc2+ 33. Ka1
Qxd1+ 34. Rxd1 Bxd1 35. Qxd1 Kxg7 36. a3 bxa3 37. Qd7+ Kf6 38. Qd4+ Kg6 39.
bxa3 Rh8 40. Qg1+ Kxh7 41. Qh2+ Kg6 42. Qg1+ Kh7 43. Qa7+ Kg8 44. Qxa6 Re8 45.
Qc4 Kf7 46. a4 Re7 47. Kb2 Rb7+ 48. Kc3 Ra7 49. Kd3 Rh3+ 50. Kc2 Ra3 51. Qh4
R3xa4 52. Qh7+ Kf6 53. Qh8+ Ke7 54. Qg7+ Kd6 55. Qf8+ Re7 56. Qb8+ Rc7+ 57. Kd3
Ra3+ 58. Kd2 Raa7 59. Ke3 Ke7 60. Qb4+ Kf7 61. Kf4 Ra2 62. Qb5 Rac2 63. Kg5
R2c4 64. Qb6 Rd7 65. Qb5 Rg4+ 66. Kh5 Rdd4 67. Qb7+ Kf6 68. Qg7+ Rxg7 0-1

[Event "XLI Olimpiadi (ICCD)"]
[Site "Tromso NOR"]
[Date "2014.08.05"]
[Round "4.2"]
[White "Ly, Moulthun"]
[Black "Collutiis, Duilio"]
[WhiteElo "2462"]
[BlackElo "2463"]
[Result "1/2-1/2"]
[Annotator "ICCD-AUS"]
[PlyCount "66"]
[EventDate "2014.08.02"]

1. e4 c5 2. Nf3 Nc6 3. d4 cxd4 4. Nxd4 Qc7 5. Nc3 e6 6. Be3 a6 7. Qd2 Nf6 8.
O-O-O Bb4 9. f3 b5 10. Kb1 O-O 11. g4 Rb8 12. g5 Ne8 13. Nxc6 Qxc6 14. Ba7 Rb7
15. Bd4 d6 16. f4 Ba5 17. Qg2 b4 18. Ne2 Rc7 19. Ng3 Bb6 20. Bxb6 Qxb6 21. Bd3
a5 22. Rhf1 Rc5 23. e5 g6 24. Qf2 d5 25. Ne2 Ng7 26. Nc1 a4 27. Be2 Bd7 28. Nd3
Rc6 29. Qxb6 Rxb6 30. Nf2 Bb5 31. Bxb5 Rxb5 32. Rd3 Rc8 33. Ng4 Nf5 1/2-1/2

[Event "XLI Olimpiadi (ICCD)"]
[Site "Tromso NOR"]
[Date "2014.08.08"]
[Round "6.2"]
[White "Leon Hoyos, Manuel"]
[Black "Collutiis, Duilio"]
[WhiteElo "2517"]
[BlackElo "2463"]
[Result "1-0"]
[Annotator "ICCD-MEX"]
[PlyCount "53"]
[EventDate "2014.08.02"]

1. e4 e5 2. Nf3 Nc6 3. Bb5 a6 4. Ba4 d6 5. Bxc6+ bxc6 6. d4 exd4 7. Nxd4 Bb7 8.
O-O c5 9. Nb3 Nf6 10. Na5 Qc8 11. c4 Be7 12. Qa4+ Kf8 13. f3 h6 14. Nc3 Rb8 15.
Nxb7 Qxb7 16. Qc2 Re8 17. b3 Nd7 18. Nd5 Bf6 19. Nxf6 Nxf6 20. Bb2 Re6 21. Rae1
Ke7 22. f4 Re8 23. e5 Kf8 24. exf6 Rxe1 25. Qh7 Rxf1+ 26. Kxf1 gxf6 27. Bxf6
1-0

[Event "XLI Olimpiadi (ICCD)"]
[Site "Tromso NOR"]
[Date "2014.08.10"]
[Round "8.2"]
[White "Collutiis, Duilio"]
[Black "Li Ying, Patrick"]
[WhiteElo "2463"]
[BlackElo "2125"]
[Result "1-0"]
[Annotator "ICCD-MRI"]
[PlyCount "51"]
[EventDate "2014.08.02"]

1. g3 g6 2. Bg2 Bg7 3. e4 e5 4. Ne2 Ne7 5. d4 exd4 6. Nxd4 Nbc6 7. Be3 O-O 8.
Nc3 d6 9. O-O Re8 10. Qd2 Bd7 11. f4 f5 12. Rfe1 fxe4 13. Bxe4 Qc8 14. Bf2 Nf5
15. Nf3 Nh6 16. Bd5+ Kh8 17. Ng5 Rxe1+ 18. Rxe1 Qf8 19. Nb5 Qd8 20. Nd4 Qf6 21.
c3 Re8 22. Nde6 Ng4 23. Bxc6 Nxf2 24. Bxd7 Re7 25. Qxf2 Rxd7 26. Qxa7 1-0

[Event "XLI Olimpiadi (ICCD)"]
[Site "Tromso NOR"]
[Date "2014.08.11"]
[Round "9.2"]
[White "Collutiis, Duilio"]
[Black "Puntier Andujar, William Staling"]
[WhiteElo "2463"]
[BlackElo "2333"]
[Result "1-0"]
[Annotator "ICCD-DOM"]
[PlyCount "129"]
[EventDate "2014.08.02"]

1. Nf3 c5 2. e4 d6 3. d4 cxd4 4. Qxd4 Nc6 5. Bb5 Nf6 6. Nc3 Nd7 7. Qc4 Na5 8.
Qe2 a6 9. Bd3 h6 10. e5 Nxe5 11. Nxe5 dxe5 12. Qxe5 Nc6 13. Qg3 g6 14. O-O Bg7
15. Rd1 Qa5 16. Bd2 O-O 17. Bc4 Qh5 18. Nd5 Qg4 19. Nb6 Qxg3 20. hxg3 Rb8 21.
c3 Bf5 22. Bf4 Rbd8 23. Bc7 Rxd1+ 24. Rxd1 Be5 25. Bxe5 Nxe5 26. Be2 Nc6 27.
Bf3 Rd8 28. Rxd8+ Nxd8 29. b4 e5 30. a4 e4 31. Be2 Be6 32. a5 Kf8 33. f3 exf3
34. Bxf3 Nc6 35. Na4 Ke7 36. Nc5 Bc8 37. Bxc6 bxc6 38. Kf2 Kd6 39. c4 f5 40.
Ke3 g5 41. Kd4 h5 42. Nd3 Bb7 43. Ke3 Bc8 44. Kd4 Bb7 45. Ne5 Ke6 46. Nf3 c5+
47. Kxc5 Bxf3 48. gxf3 h4 49. gxh4 gxh4 50. b5 h3 51. bxa6 h2 52. a7 h1=Q 53.
a8=Q Qg1+ 54. Kc6 Qd1 55. Qg8+ Kf6 56. Qd5 Qa4+ 57. Kc7 Kg5 58. Qd2+ Kh5 59. c5
Qa3 60. c6 Qxf3 61. Qh2+ Kg4 62. Qg1+ Kh3 63. a6 Qf4+ 64. Kb7 Qe4 65. Qb6 1-0

[Event "XLI Olimpiadi (ICCD)"]
[Site "Tromso NOR"]
[Date "2014.08.14"]
[Round "11.2"]
[White "Collutiis, Duilio"]
[Black "Mannhart, Marcel"]
[WhiteElo "2463"]
[BlackElo "2105"]
[Result "1-0"]
[Annotator "ICCD-LIE"]
[PlyCount "129"]
[EventDate "2014.08.02"]

1. g3 g6 2. Bg2 Bg7 3. e4 e5 4. Ne2 Nc6 5. c3 d6 6. d4 Bg4 7. f3 Bd7 8. Be3 Qc8
9. Qc2 f6 10. Nd2 Nh6 11. h4 Nf7 12. h5 Ne7 13. O-O-O c6 14. hxg6 hxg6 15.
Rxh8+ Bxh8 16. Rh1 Bg7 17. Qd1 Qc7 18. Rh7 Kf8 19. Qh1 c5 20. dxc5 dxc5 21. c4
b5 22. Nc3 bxc4 23. Bf1 Be6 24. Bxc4 Bxc4 25. Nxc4 Kg8 26. Rh2 Bf8 27. Qf1 Rd8
28. Qh3 Bg7 29. Qe6 Kf8 30. Nb5 Qc6 31. Qxc6 Nxc6 32. Bxc5+ Kg8 33. b3 a6 34.
Nc7 Ng5 35. Rf2 Rc8 36. Nd5 Ne6 37. Be7 f5 38. Kb1 Rb8 39. Bf6 Nc5 40. Ne7+
Nxe7 41. Bxe7 Ne6 42. Bd6 Re8 43. exf5 Nd4 44. fxg6 e4 45. fxe4 Rxe4 46. Bb4
Rg4 47. Rg2 Rxg6 48. Bd2 Re6 49. Bc3 Kh7 50. Kb2 Kg6 51. a4 Bf6 52. Rf2 Bg7 53.
Rd2 Re4 54. Bxd4 Bxd4+ 55. Kc2 Bc5 56. Rd5 Bb4 57. Re5 Rxe5 58. Nxe5+ Kf5 59.
Nc6 Bd6 60. Kd3 Bxg3 61. Nb4 a5 62. Nc6 Be1 63. Kc4 Ke6 64. Kb5 Kd6 65. Nxa5
1-0

[Event "XLI Olimpiadi (IPCA)"]
[Site "Tromso NOR"]
[Date "2014.08.02"]
[Round "1.3"]
[White "Safarli, Eltaj"]
[Black "Bernardi, Ruben"]
[WhiteElo "2649"]
[BlackElo "2114"]
[Result "1-0"]
[Annotator "IPCA-AZE"]
[PlyCount "79"]
[EventDate "2014.08.02"]

1. e4 e6 2. d4 d5 3. Nd2 Nf6 4. Bd3 c5 5. c3 Nc6 6. Ngf3 cxd4 7. cxd4 g5 8. h3
Bg7 9. e5 Nd7 10. Nf1 h6 11. Ng3 f5 12. exf6 Qxf6 13. Nh5 Qf7 14. Nxg7+ Qxg7
15. Be3 O-O 16. Bb5 Ne7 17. O-O a6 18. Bd3 Nc6 19. Bc2 Nf6 20. Ne5 Nxe5 21.
dxe5 Nd7 22. Bd4 Rf4 23. Re1 Nf8 24. Be3 Rf7 25. h4 Ng6 26. hxg5 Nf4 27. Bxf4
Rxf4 28. g6 Bd7 29. g3 Rff8 30. Qh5 Rac8 31. Rac1 Rc7 32. Bd3 Rfc8 33. Rxc7
Rxc7 34. Qh4 Rc8 35. Kg2 Rf8 36. Qd4 Be8 37. Qg4 Qe7 38. Rh1 Kg7 39. Rxh6 Kxh6
40. Qh3+ 1-0

[Event "XLI Olimpiadi (IPCA)"]
[Site "Tromso NOR"]
[Date "2014.08.03"]
[Round "2.3"]
[White "Bernardi, Ruben"]
[Black "Gonzales, Dennis"]
[WhiteElo "2114"]
[BlackElo "1720"]
[Result "1-0"]
[Annotator "IPCA-PLW"]
[PlyCount "65"]
[EventDate "2014.08.02"]

1. e4 e5 2. Nf3 Nc6 3. Nc3 Bc5 4. Nxe5 Bxf2+ 5. Kxf2 Nxe5 6. d4 Ng6 7. Be2 N8e7
8. Rf1 O-O 9. Kg1 d5 10. exd5 Nxd5 11. Nxd5 Qxd5 12. c4 Qd8 13. a4 a5 14. Ra3
Ra6 15. Rd3 Rf6 16. Bf3 h6 17. b3 Nf4 18. Re3 Re8 19. Re5 b6 20. Rfe1 Bd7 21.
d5 Ng6 22. Rxe8+ Bxe8 23. Bb2 Rf5 24. g4 Rf4 25. Bc1 Bd7 26. Bxf4 Nxf4 27. Bg2
Qg5 28. h3 h5 29. Qd4 hxg4 30. Re5 Nxh3+ 31. Bxh3 Qc1+ 32. Bf1 g3 33. Qe3 1-0

[Event "XLI Olimpiadi (IPCA)"]
[Site "Tromso NOR"]
[Date "2014.08.04"]
[Round "3.3"]
[White "Priasmoro, Novendra"]
[Black "Bernardi, Ruben"]
[WhiteElo "2250"]
[BlackElo "2114"]
[Result "1-0"]
[Annotator "IPCA-INA"]
[PlyCount "57"]
[EventDate "2014.08.02"]

1. e4 e6 2. d4 d5 3. Nc3 Nf6 4. Bg5 Be7 5. e5 Nfd7 6. h4 O-O 7. Bd3 c5 8. Nh3
g6 9. f4 cxd4 10. Nb5 Nc6 11. Bxe7 Qxe7 12. h5 a6 13. Nd6 Qh4+ 14. Kd2 f6 15.
g3 Qxg3 16. Qg1 Qe3+ 17. Qxe3 dxe3+ 18. Kxe3 fxe5 19. hxg6 exf4+ 20. Nxf4 d4+
21. Ke2 Rxf4 22. gxh7+ Kh8 23. Rag1 Ne7 24. Rg7 Ne5 25. Rxe7 Bd7 26. Rh5 Raf8
27. Rxe5 Bc6 28. Rg5 Bd5 29. Nf7+ 1-0

[Event "XLI Olimpiadi (IPCA)"]
[Site "Tromso NOR"]
[Date "2014.08.05"]
[Round "4.2"]
[White "Mannhart, Marcel"]
[Black "Bernardi, Ruben"]
[WhiteElo "2105"]
[BlackElo "2114"]
[Result "1/2-1/2"]
[Annotator "IPCA-LIE"]
[PlyCount "80"]
[EventDate "2014.08.02"]

1. Nc3 c5 2. e4 Nc6 3. f4 e6 4. Nf3 Nge7 5. d3 d5 6. Be2 d4 7. Nb1 g6 8. O-O
Bg7 9. c4 e5 10. Nxe5 Nxe5 11. fxe5 Nc6 12. Bf4 O-O 13. Qd2 Nxe5 14. Na3 f5 15.
Bf3 Nxf3+ 16. gxf3 Bd7 17. Rf2 Qe7 18. Re1 Rfe8 19. Nc2 Qf8 20. Rg2 fxe4 21.
fxe4 Qe7 22. Ree2 Rf8 23. Ref2 Be5 24. Bh6 Rxf2 25. Rxf2 Bh3 26. Bg5 Qe6 27.
Qe2 Kg7 28. Bf4 Bxf4 29. Rxf4 g5 30. Rf2 Qg4+ 31. Qxg4 Bxg4 32. Rg2 h5 33. h3
Bxh3 34. Rxg5+ Kh6 35. Rxc5 Rg8+ 36. Kh1 Rg3 37. Nxd4 Rxd3 38. Rd5 Re3 39. Re5
Rd3 40. Rd5 Re3 1/2-1/2

[Event "XLI Olimpiadi (IPCA)"]
[Site "Tromso NOR"]
[Date "2014.08.08"]
[Round "6.3"]
[White "Bernardi, Ruben"]
[Black "Battulga, Namkhai"]
[WhiteElo "2114"]
[BlackElo "2411"]
[Result "0-1"]
[Annotator "IPCA-MGL"]
[PlyCount "156"]
[EventDate "2014.08.02"]

1. e4 c5 2. c3 d5 3. exd5 Qxd5 4. d4 Nc6 5. Nf3 Bg4 6. Be2 cxd4 7. cxd4 Nf6 8.
h3 Bh5 9. Nc3 Qa5 10. Qb3 Qb4 11. Bb5 Qxb3 12. axb3 Bxf3 13. gxf3 e6 14. Rg1 g6
15. Bf4 Be7 16. Bh6 a6 17. Bxc6+ bxc6 18. Ke2 Kd7 19. Bf4 Rhc8 20. Rgd1 Nd5 21.
Nxd5 exd5 22. Rd3 g5 23. Bg3 h5 24. h4 gxh4 25. Bf4 Rg8 26. Rh1 Bf6 27. Rdd1
Ra7 28. Kd3 Rb7 29. Kc2 Rb4 30. Be3 Rgb8 31. Rd3 R4b5 32. Ra1 a5 33. Bd2 Bd8
34. Bf4 Rc8 35. Be3 Be7 36. Rg1 Bf6 37. Bg5 Rg8 38. f4 Rb4 39. Rh1 Bxg5 40.
fxg5 Rxg5 41. Rxh4 Rg4 42. Rxh5 Rbxd4 43. Rc3 Rdf4 44. Rh2 Kd6 45. Re3 d4 46.
Re8 Rf3 47. Rd8+ Kc7 48. Ra8 Rg5 49. Rhh8 Rxf2+ 50. Kd3 Rxb2 51. Rhc8+ Kd7 52.
Rd8+ Ke7 53. Re8+ Kf6 54. Ra6 Rxb3+ 55. Kxd4 Rg4+ 56. Kc5 Rc3+ 57. Kb6 a4 58.
Ra7 Rf4 59. Rf8 Kg7 60. Rfa8 Rcc4 61. Rc8 Rf6 62. Rca8 Re6 63. Ra5 Kg6 64. Rg8+
Kf6 65. Rgg5 Rb4+ 66. Kc7 Rb5 67. Rgxb5 cxb5 68. Rxb5 a3 69. Ra5 Re3 70. Kd6
Kg6 71. Kd5 f5 72. Kd4 f4 73. Ra8 Kf5 74. Rf8+ Kg4 75. Rg8+ Kf3 76. Rh8 a2 77.
Ra8 Re2 78. Kd3 Kf2 0-1

[Event "XLI Olimpiadi (IPCA)"]
[Site "Tromso NOR"]
[Date "2014.08.09"]
[Round "7.3"]
[White "Bernardi, Ruben"]
[Black "Stachanczyk, Jacek"]
[WhiteElo "2114"]
[BlackElo "2299"]
[Result "0-1"]
[Annotator "IPCA-IBCA"]
[PlyCount "86"]
[EventDate "2014.08.02"]

1. e4 c5 2. c3 d6 3. Nf3 Nf6 4. Be2 g6 5. O-O Bg7 6. Qc2 O-O 7. d4 Qc7 8. d5 a6
9. c4 e6 10. Nc3 exd5 11. exd5 Nbd7 12. a4 Re8 13. h3 Ne5 14. Nh4 Qe7 15. f4
Nh5 16. fxe5 Qxh4 17. Bxh5 Qxh5 18. Qf2 Qxe5 19. Qxf7+ Kh8 20. Bg5 Bf5 21. Rae1
Qd4+ 22. Kh1 Rf8 23. Qc7 Bd3 24. Rxf8+ Rxf8 25. Qxd6 Qf2 26. Rg1 Bd4 27. Qh2
Bxc4 28. d6 Be6 29. Ne4 Qf5 30. Bh6 Qxe4 31. Bxf8 Be5 32. Rf1 Bxh2 33. Kxh2 Bd5
34. Rf2 Qd4 35. Kg1 Bc6 36. b3 Kg8 37. Be7 b5 38. axb5 axb5 39. Bg5 Qxd6 40.
Rd2 Qe5 41. Bh6 c4 42. bxc4 bxc4 43. Rf2 Qd4 0-1

[Event "XLI Olimpiadi (IPCA)"]
[Site "Tromso NOR"]
[Date "2014.08.14"]
[Round "11.2"]
[White "Rasmussen, Allan Stig"]
[Black "Bernardi, Ruben"]
[WhiteElo "2522"]
[BlackElo "2114"]
[Result "1-0"]
[Annotator "IPCA-DEN"]
[PlyCount "97"]
[EventDate "2014.08.02"]

1. c4 e5 2. b3 Nf6 3. Bb2 Nc6 4. e3 d5 5. cxd5 Nxd5 6. a3 Be6 7. Bb5 f6 8. Nf3
Bd6 9. Qc2 Nde7 10. d4 O-O 11. Bd3 g6 12. dxe5 Bxe5 13. Nxe5 Nxe5 14. Bxe5 fxe5
15. Nd2 Nf5 16. Qc3 Qf6 17. Ne4 Qe7 18. Nc5 Bf7 19. Nxb7 e4 20. Be2 Nh4 21. g3
Nf3+ 22. Bxf3 exf3 23. h4 Qe6 24. Nc5 Qf5 25. e4 Qg4 26. O-O-O Be6 27. h5 Qg5+
28. Kc2 Rae8 29. hxg6 Qxg6 30. Rd4 Bg4 31. Rhd1 Rf6 32. Rd8 Rd6 33. R1xd6 cxd6
34. Qc4+ Kg7 35. Qd4+ Kf7 36. Rxd6 Qg5 37. b4 h5 38. Qd2 Qxd2+ 39. Kxd2 Ke7 40.
Ra6 Rd8+ 41. Ke3 Rd1 42. Rxa7+ Kd6 43. Ra6+ Kc7 44. Nd3 Ra1 45. Ne5 Re1+ 46.
Kf4 Re2 47. Nxg4 hxg4 48. Kxg4 Rxf2 49. Rf6 1-0

[Event "XLI Olimpiadi (San Marino)"]
[Site "Tromso NOR"]
[Date "2014.08.02"]
[Round "1.1"]
[White "Righi, Ezio"]
[Black "Rozentalis, Eduardas"]
[WhiteElo "2085"]
[BlackElo "2606"]
[Result "0-1"]
[Annotator "SMR-LTU"]
[PlyCount "62"]
[EventDate "2014.08.02"]

1. e4 e6 2. d4 d5 3. Nc3 Bb4 4. e5 c5 5. Bd2 Ne7 6. f4 O-O 7. Nf3 cxd4 8. Nb5
Bc5 9. b4 Bb6 10. Nbxd4 Nbc6 11. Bc3 Bd7 12. Qd2 Rc8 13. Bd3 Nxd4 14. Bxd4 Bxd4
15. Nxd4 Qb6 16. Ke2 f6 17. Rhf1 Be8 18. c3 Bh5+ 19. Ke1 fxe5 20. fxe5 Qc7 21.
Rxf8+ Rxf8 22. Be2 Qxe5 23. g3 Nc6 24. Rc1 h6 25. Rc2 Qe4 26. Qd3 Qh1+ 27. Kd2
Ne5 28. Qb5 Bxe2 29. Qxe2 Nc4+ 30. Kd3 e5 31. Nb3 Rf3+ 0-1

[Event "XLI Olimpiadi (San Marino)"]
[Site "Tromso NOR"]
[Date "2014.08.02"]
[Round "1.2"]
[White "Laurusas, Tomas"]
[Black "Volpinari, Danilo"]
[WhiteElo "2435"]
[BlackElo "2001"]
[Result "1-0"]
[Annotator "SMR-LTU"]
[PlyCount "73"]
[EventDate "2014.08.02"]

1. d4 d5 2. c4 c6 3. Nf3 Nf6 4. e3 Bf5 5. Nc3 e6 6. Nh4 Bg6 7. Qb3 Qb6 8. Nxg6
hxg6 9. Be2 Nbd7 10. Bd2 Bd6 11. c5 Qxb3 12. axb3 Bc7 13. b4 e5 14. b5 O-O 15.
O-O Rfe8 16. Ra4 exd4 17. exd4 Nxc5 18. dxc5 d4 19. Rxd4 Be5 20. Be3 Bxd4 21.
Bxd4 Rad8 22. Be3 cxb5 23. Bxb5 Re7 24. h3 a6 25. Be2 Ne4 26. Rc1 Nd2 27. Rd1
Red7 28. b4 Nb3 29. Rxd7 Rxd7 30. Bf3 Na1 31. Nd5 Nc2 32. Kf1 Nxe3+ 33. fxe3
Kf8 34. Nb6 Re7 35. Ke2 Ke8 36. Nc8 Rc7 37. Bxb7 1-0

[Event "XLI Olimpiadi (San Marino)"]
[Site "Tromso NOR"]
[Date "2014.08.02"]
[Round "1.3"]
[White "Cecchetti, Roberto"]
[Black "Beinoras, Mindaugas"]
[WhiteElo "1933"]
[BlackElo "2402"]
[Result "0-1"]
[Annotator "SMR-LTU"]
[PlyCount "56"]
[EventDate "2014.08.02"]

1. d4 Nf6 2. Nf3 g6 3. Bf4 Bg7 4. e3 Nh5 5. Bg5 h6 6. Bh4 g5 7. Nfd2 Nf6 8. Bg3
d6 9. Be2 Bf5 10. c4 c5 11. O-O cxd4 12. exd4 Nc6 13. d5 Nd4 14. Nc3 O-O 15.
Rc1 Qb6 16. Na4 Qb4 17. a3 Nxe2+ 18. Qxe2 Qxa4 19. Qxe7 Rad8 20. Qxb7 Nh5 21.
h3 Bd3 22. Bh2 Bxf1 23. Rxf1 Qc2 24. Qb4 Nf4 25. Nf3 Qxb2 26. Qa4 Qc3 27. h4
Nh3+ 28. Kh1 Qd3 0-1

[Event "XLI Olimpiadi (San Marino)"]
[Site "Tromso NOR"]
[Date "2014.08.02"]
[Round "1.4"]
[White "Pileckis, Emilis"]
[Black "Maccapani, Massimiliano"]
[WhiteElo "2447"]
[BlackElo "2032"]
[Result "1-0"]
[Annotator "SMR-LTU"]
[PlyCount "33"]
[EventDate "2014.08.02"]

1. Nf3 e6 2. c4 b6 3. g3 Bb7 4. Bg2 f5 5. O-O Nf6 6. d4 Be7 7. d5 Qc8 8. Nd4
exd5 9. cxd5 g6 10. Bh6 Ng4 11. Bf4 g5 12. Bd2 O-O 13. e4 Bc5 14. Nxf5 Nxf2 15.
Rxf2 Bxf2+ 16. Kxf2 h6 17. Bc3 1-0

[Event "XLI Olimpiadi (San Marino)"]
[Site "Tromso NOR"]
[Date "2014.08.03"]
[Round "2.1"]
[White "Rajaonarison, Faniry"]
[Black "Righi, Ezio"]
[WhiteElo "2112"]
[BlackElo "2085"]
[Result "1-0"]
[Annotator "SMR-MAD"]
[PlyCount "79"]
[EventDate "2014.08.02"]

1. e4 c5 2. Nf3 e6 3. d4 cxd4 4. Nxd4 a6 5. Nc3 Qc7 6. Be3 Bb4 7. Nde2 Nf6 8.
a3 Be7 9. Ng3 Nc6 10. Be2 O-O 11. O-O d6 12. f4 b5 13. Kh1 Bb7 14. Bd3 Na5 15.
Qe2 Rac8 16. Bd4 Nc6 17. Bg1 Rfd8 18. Rae1 b4 19. Na4 Nd7 20. f5 Qa5 21. fxe6
fxe6 22. b3 Nce5 23. Qh5 Rf8 24. Qh3 Kh8 25. Qxe6 Bh4 26. Qxd6 Bxg3 27. hxg3
bxa3 28. Nc5 Rf6 29. Nxb7 Qxe1 30. Rxe1 Rxd6 31. Nxd6 Rc6 32. Nc4 Rh6+ 33. Bh2
Ng4 34. Kg1 Nxh2 35. e5 a2 36. Ra1 Ng4 37. Rxa2 Ngxe5 38. Nxe5 Nxe5 39. Rxa6 g6
40. Be2 1-0

[Event "XLI Olimpiadi (San Marino)"]
[Site "Tromso NOR"]
[Date "2014.08.03"]
[Round "2.2"]
[White "Volpinari, Danilo"]
[Black "Rakotomaharo, Fy Antenaina"]
[WhiteElo "2001"]
[BlackElo "2253"]
[Result "0-1"]
[Annotator "SMR-MAD"]
[PlyCount "96"]
[EventDate "2014.08.02"]

1. d4 d5 2. Nf3 Nf6 3. e3 Bg4 4. c4 e6 5. Qb3 Qc8 6. Nc3 c6 7. Bd2 Nbd7 8. Rc1
Be7 9. Be2 O-O 10. h3 dxc4 11. Qxc4 Bf5 12. O-O a5 13. Qb3 Ne4 14. Nxe4 Bxe4
15. a4 Qc7 16. Rfd1 Qb6 17. Bc4 Bd5 18. Bxd5 exd5 19. Qxb6 Nxb6 20. b3 Nc8 21.
Ne5 Nd6 22. Nd7 Rfe8 23. Nc5 Bd8 24. Be1 Bb6 25. Nd7 Bc7 26. Nc5 f5 27. g3 g5
28. Nd7 Kf7 29. Ne5+ Ke6 30. Nd3 Kf6 31. Rc2 h5 32. Kf1 Re7 33. Ne5 Rg8 34. f4
Ne4 35. Rg2 Reg7 36. fxg5+ Nxg5 37. g4 Nxh3 38. Bh4+ Ke6 39. gxf5+ Kxf5 40.
Rxg7 Rxg7 41. Nd3 Ke4 42. Nf2+ Nxf2 43. Kxf2 Rf7+ 44. Ke2 Rf3 45. Bf2 h4 46.
Rg1 Bg3 47. Bxg3 Rxe3+ 48. Kd2 Rxg3 0-1